New planning appeal procedures (Record no. 64216)
[ view plain ]
| 000 -LEADER | |
|---|---|
| fixed length control field | 00930cam a2200217 4500 |
| 001 - CONTROL NUMBER | |
| control field | ABS62654 |
| 008 - FIXED-LENGTH DATA ELEMENTS--GENERAL INFORMATION | |
| fixed length control field | 000000n2000 000 0 eng u |
| 035 ## - SYSTEM CONTROL NUMBER | |
| System control number | (Sirsi) u107427 |
| 100 ## - MAIN ENTRY--PERSONAL NAME | |
| Personal name | Blackie, N. |
| 245 ## - TITLE STATEMENT | |
| Title | New planning appeal procedures |
| 260 ## - PUBLICATION, DISTRIBUTION, ETC. | |
| Date of publication, distribution, etc. | 2000 |
| 490 ## - SERIES STATEMENT | |
| Series statement | Planning (for the Natural and Built Environment) |
| Volume/sequential designation | (1377) 14 July 2000, 7(1) |
| 520 ## - SUMMARY, ETC. | |
| Summary, etc. | New rules coming into force, which will apply to applications made after 1 August 2000, will include strict timetables with tighter deadlines for written, hearing and inquiry procedures, aimed at streamlining the appeals process. This article and previous Outlines can be viewed at: http://www.planning.haynet.com |
| 590 ## - LOCAL NOTE (RLIN) | |
| Local note | ABS |
| 650 ## - SUBJECT ADDED ENTRY--TOPICAL TERM | |
| Topical term or geographic name entry element | PLANNING APPEAL PROCEDURES |
| 650 ## - SUBJECT ADDED ENTRY--TOPICAL TERM | |
| Topical term or geographic name entry element | HEARINGS |
| 650 ## - SUBJECT ADDED ENTRY--TOPICAL TERM | |
| Topical term or geographic name entry element | INQUIRIES |
| 650 ## - SUBJECT ADDED ENTRY--TOPICAL TERM | |
| Topical term or geographic name entry element | PRE-APPLICATION PROCEDURES |
| 690 ## - LOCAL SUBJECT ADDED ENTRY--TOPICAL TERM (OCLC, RLIN) | |
| Topical term or geographic name as entry element | ENVIRONMENTAL AND LAND CONSULTANCY-PLANNING AND DEVELOPMENT |
| 942 ## - ADDED ENTRY ELEMENTS (KOHA) | |
| Suppress in OPAC | 0 |
| Withdrawn status | Lost status | Source of classification or shelving scheme | Damaged status | Not for loan | Home library | Current library | Shelving location | Date acquired | Total Checkouts | Full call number | Barcode | Date last seen | Copy number | Price effective from | Koha item type |
|---|---|---|---|---|---|---|---|---|---|---|---|---|---|---|---|
| Dewey Decimal Classification | London | London | Journal article | 31/07/2000 | ABS62654 | 107427-1001 | 06/08/2019 | 1 | 06/08/2019 | Journal article |